| 000 | 02716cam a2200409 a 4500 | ||
|---|---|---|---|
| 001 | 17685486 | ||
| 003 | ARRUPE | ||
| 005 | 20131011142828.0 | ||
| 008 | 130404s2013 enka b 000 0 eng d | ||
| 010 | _a 2012474327 | ||
| 015 |
_aGBB2A7897 _2bnb |
||
| 016 | 7 |
_a016196206 _2Uk |
|
| 020 | _a9780745659732 | ||
| 020 | _a074565973X | ||
| 035 | _a(OCoLC)ocn818323793 | ||
| 040 |
_aNLE _beng _cNLE _dOCLCO _dNDD _dCDX _dUKMGB _dBTCTA _dYDXCP _dYNK _dBWX _dZCU _dRCJ _dOBE _dJQM _dDLC |
||
| 042 | _alccopycat | ||
| 050 | 0 | 0 |
_aD860 _b.B499 2013 |
| 100 | 1 |
_aBerggruen, Nicolas, _d1961- _92489 |
|
| 245 | 1 | 0 |
_aIntelligent governance for the 21st century : _ba middle way between West and East / _cNicolas Berggruen and Nathan Gardels. |
| 246 | 3 | _aIntelligent governance for the twenty-first century | |
| 260 |
_aCambridge, UK ; _aMalden, MA : _bPolity, _c2013. |
||
| 300 |
_aix, 196 p. : _bill. ; _c23 cm. |
||
| 504 | _aIncludes bibliographical references. | ||
| 505 | 0 | 0 |
_tGlobalization 2.0 and the challenges to good governance -- _tAmerica's consumer democracy versus China's modern mandarinate -- _tLiberal democratic constitutionalism and meritocracy : hybrid possibilities -- _tThe new challenges for governance : social networks, megacities, and the global scattering of productive capabilities -- _tIntelligent governance : tenets and template -- _tRebooting California's dysfunctional democracy -- _tThe G-20 : global governance from summits to subnational networks -- _tEurope : political union and the democratic deficit -- _tSurvival of the wisest. |
| 520 | _aFor decades, liberal democracy has been extolled as the best system of governance to have emerged out of the long experience of history. Today, such a confident assertion is far from self-evident. Democracy, in crisis across the West, must prove itself. This highly timely volume is both a conceptual and practical guide of impressive scope to the challenges of good governance as the world continues to undergo profound transformation in the coming decades. | ||
| 650 | 0 |
_aWorld politics _y1989 _932 |
|
| 650 | 0 |
_aSocial history _y1970 _92490 |
|
| 650 | 0 |
_aEconomic history _y1990 _92491 |
|
| 700 | 1 |
_aGardels, Nathan. _92492 |
|
| 856 | 4 | 2 |
_3Contributor biographical information _uhttp://www.loc.gov/catdir/enhancements/fy1305/2012474327-b.html |
| 856 | 4 | 2 |
_3Publisher description _uhttp://www.loc.gov/catdir/enhancements/fy1305/2012474327-d.html |
| 856 | 4 | 1 |
_3Table of contents only _uhttp://www.loc.gov/catdir/enhancements/fy1305/2012474327-t.html |
| 906 |
_a7 _bcbc _ccopycat _d2 _encip _f20 _gy-gencatlg |
||
| 942 |
_2lcc _cMONOGRAPH |
||
| 999 |
_c118339 _d118339 |
||